Learning Resource and Development

Canvas work / (Record no. 19349)

MARC details
000 -LEADER
fixed length control field 01171cam a2200361Ia 4500
001 - CONTROL NUMBER
control field canvaswork00gray
003 - CONTROL NUMBER IDENTIFIER
control field CaSfIA
005 - DATE AND TIME OF LATEST TRANSACTION
control field 20230525154852.0
007 - PHYSICAL DESCRIPTION FIXED FIELD--GENERAL INFORMATION
fixed length control field cr||||
008 - FIXED-LENGTH DATA ELEMENTS--GENERAL INFORMATION
fixed length control field 860801t19851974enka b 001 0 eng d
040 ## - CATALOGING SOURCE
Original cataloging agency PNX
Transcribing agency PNX
Modifying agency NZKAP
-- YDXCP
-- AAM
-- CaSfIA
020 ## - INTERNATIONAL STANDARD BOOK NUMBER
International Standard Book Number 0713447699 (pbk.) :
Terms of availability $10.95
020 ## - INTERNATIONAL STANDARD BOOK NUMBER
International Standard Book Number 9780713447699 (pbk.)
035 ## - SYSTEM CONTROL NUMBER
System control number (OCoLC)14000173
050 14 - LIBRARY OF CONGRESS CALL NUMBER
Classification number TT778.C3
Item number G67 1974
082 14 - DEWEY DECIMAL CLASSIFICATION NUMBER
Classification number 746.44
Edition number 19
029 1# - OTHER SYSTEM CONTROL NUMBER (OCLC)
OCLC library identifier NZ1
System control number 3730182
029 1# - OTHER SYSTEM CONTROL NUMBER (OCLC)
OCLC library identifier AU@
System control number 000004654826
029 1# - OTHER SYSTEM CONTROL NUMBER (OCLC)
OCLC library identifier UNITY
System control number 076519813
029 1# - OTHER SYSTEM CONTROL NUMBER (OCLC)
OCLC library identifier UKMBC
System control number 0713447699
029 1# - OTHER SYSTEM CONTROL NUMBER (OCLC)
OCLC library identifier WOLVL
System control number 0713447699
029 1# - OTHER SYSTEM CONTROL NUMBER (OCLC)
OCLC library identifier UKISL
System control number 0713447699
029 1# - OTHER SYSTEM CONTROL NUMBER (OCLC)
OCLC library identifier UKODM
System control number 403415
100 1# - MAIN ENTRY--PERSONAL NAME
Personal name Gray, Jennifer.
245 10 - TITLE STATEMENT
Title Canvas work /
Medium [electronic resource]
Statement of responsibility, etc. Jennifer Gray.
260 ## - PUBLICATION, DISTRIBUTION, ETC.
Place of publication, distribution, etc. London :
Name of publisher, distributor, etc. Batsford,
Date of publication, distribution, etc. 1985, c1974.
300 ## - PHYSICAL DESCRIPTION
Extent 127 p. :
Other physical details ill. ;
Dimensions 25 cm.
504 ## - BIBLIOGRAPHY, ETC. NOTE
Bibliography, etc. note Bibliography: p. 127.
500 ## - GENERAL NOTE
General note Includes index.
650 #0 - SUBJECT ADDED ENTRY--TOPICAL TERM
Topical term or geographic name entry element Canvas embroidery.
856 41 - ELECTRONIC LOCATION AND ACCESS
Uniform Resource Identifier <a href="http://www.archive.org/details/canvaswork00gray">http://www.archive.org/details/canvaswork00gray</a>
Public note Free eBook from the Internet Archive
856 42 - ELECTRONIC LOCATION AND ACCESS
Uniform Resource Identifier <a href="http://www.openlibrary.org/books/OL9694131M">http://www.openlibrary.org/books/OL9694131M</a>
Public note Additional information and access via Open Library
Holdings
Withdrawn status Lost status Damaged status Not for loan Collection Home library Current library Date acquired Total Checkouts Date last seen Price effective from Koha item type
        Project Gutenberg Main Library Main Library 05/25/2023   05/25/2023 05/25/2023 EBooks